| 000 | 01419cam a22003131i 4500 | ||
|---|---|---|---|
| 003 | SA-RiAUC | ||
| 005 | 20241221054108.0 | ||
| 008 | 241216s1983 su g f000 0 ara c | ||
| 040 |
_aJO-AmJU _bara _cSA-RiAUC _erda |
||
| 050 | 4 | _b.A28 1983 | |
| 082 | 0 | 4 | _a234 |
| 090 |
_a234 _bا ب و د |
||
| 100 | 1 |
_aأبو داود، سليمان بن الأشعث بن إسحاق، _d202-275 هجري _eمؤلف. |
|
| 245 | 1 | 0 |
_aسؤالات أبي عبيد الأجري أبا داود السجستاني في الجرح والتعديل / _cمحمد علي قاسم العمري. |
| 250 | _aالطبعة الأولى. | ||
| 264 | 1 |
_aالمدينة المنورة : _bالجامعة الإسلامية، _c1983 |
|
| 300 |
_a3 مجلد ؛ _c24 سم. |
||
| 336 |
_aنص _btxt _2rdacontent _3كتاب |
||
| 337 |
_aبدون وسيط _bn _2rdamedia |
||
| 338 |
_aمجلد _bnc _2rdacarrier |
||
| 490 | 1 |
_aإحياء التراث الإسلامي ؛ _v7 |
|
| 500 | _aالمكتبة يتوافر بها : مجلد 3. | ||
| 600 | 1 | 7 |
_aأبو داود، سليمان بن الأشعث بن إسحاق، _d202-275 هجري _2aucnm |
| 600 | 1 | 7 |
_aالآجري، محمد بن علي، _dتوفي قرن 3 هجري _2aucnm |
| 650 | 7 |
_aالحديث _xالجرح والتعديل _2aucsh |
|
| 700 | 1 |
_aالعمري، محمد علي قاسم _eمحقق. |
|
| 942 |
_2ddc _cBOOK _n0 |
||
| 949 |
_aSA-JeALM _d241216 _umohamedma123 _n1 |
||
| 999 |
_c3713 _d3713 |
||